| 000 | 00825nam a2200253 a 4500 | ||
|---|---|---|---|
| 001 | 000021283 | ||
| 005 | 20200930011303.0 | ||
| 008 | 100903s1968 sp 000 0 spa d | ||
| 040 |
_aDO-SdBNP _bspa _cBNPHU |
||
| 041 | 1 | 7 |
_aspa _hita _2Código de idiomas MARC |
| 082 |
_a853.8 _bP217j |
||
| 100 | 1 |
_aPapini, Giovanni. _944471 |
|
| 240 | 1 | 0 |
_aGiudizio universale. _lEspañol |
| 245 | 1 | 0 |
_aJuicio universal / _cGiovanni Papini ; traducción Isidoro Martin. |
| 260 |
_aBarcelona, (España) : _bEditorial Planeta, _c1968. |
||
| 300 |
_a450 p. ; _c19 cm. |
||
| 505 | 0 | _aLa biblioteca sólo posee el volumen 2. | |
| 534 |
_aTítulo original : _tGiudizio universale |
||
| 505 | 0 | _gv. 2. | |
| 650 | 4 |
_aNovela italiana _94322 |
|
| 650 | 4 |
_aLiteratura italiana _93329 |
|
| 700 | 1 |
_aMartín, Isidoro, _etr. _944472 |
|
| 049 | _aBNGR | ||
| 999 |
_c20783 _d20783 |
||